000
00257nam a2200097Ia 4500
001
647257
005
20250826153659.0
008
250824s9999 xx 000 0 und d
245
0
_a
DOĞANIN BİR YILI AGUSTOS
_c
RUTH SYMONS
260
_b
TÜBİTAK POPÜLER BİLİM
999
_c
647257
_d
647257